Personal Jesus - Depeche Mode - All Lyrics - Statistics

General Stats
  • This quiz has been taken 161 times
  • The average score is 133 of 175
Answer Stats
Answer % Correct
personal
99%
Jesus
98%
a
97%
you
97%
to
96%
Your
95%
your
95%
and
92%
own
92%
Someone
88%
the
88%
I
85%
out
83%
out,
83%
out)
83%
who
82%
touch
81%
Reach
80%
(Reach
80%
reach
80%
faith
79%
cares
78%
hear
78%
there
74%
prayers
73%
you're
71%
alone
69%
who's
67%
telephone
66%
all
64%
by
62%
believer
59%
Feeling
59%
make
57%
on
57%
up
57%
I'll
55%
receiver,
55%
me
53%
Flesh
52%
I'm
52%
bone
50%
test
44%
know
43%
need
41%
will
39%
Lift
38%
forgiver
37%
put
36%
Things
36%
unknown
35%
chest
33%
deliver,
33%
Take
31%
confess
30%
best,
25%
second
16%
No matching quizzes found
Score Distribution
Percent of People with Each Score
Percentile by Number Answered
Your Score History
You have not taken this quiz